[Event "Titled Tuesday intern op 06th Feb Early"]
[Site "Chess.com INT"]
[Date "2024.02.06"]
[Round "4"]
[White "Schmakel, Sam A"]
[Black "Teterev, Vitaly"]
[Result "0-1"]
[WhiteElo "2457"]
[BlackElo "2257"]
[PlyCount "42"]
[EventDate "2024.02.06"]
[EventType "swiss (blitz)"]
[EventRounds "11"]
[EventCountry "USA"]
[SourceTitle "CB07_2024"]
[SourceDate "2024.02.14"]
[SourceVersion "1"]
[SourceVersionDate "2024.02.14"]
[SourceQuality "1"]

1. d4 Nf6 2. c4 g6 3. Nc3 Bg7 4. Nf3 d6 5. Bg5 h6 6. Bh4 g5 7. Bg3 Nh5 8. e3 c5 9. Be2 Nc6 10. d5 Nxg3 11. hxg3 Ne5 12. Nd2 Kd7 13. Qc2 Kc7 14. a3 Bd7 15. b4 Rc8 16. bxc5 dxc5 17. 0-0 Kb8 18. a4 h5 19. a5 h4 20. f4 hxg3 21. Qd1 g4 0-1

[Event "Titled Tuesday intern op 16th Jan Late"]
[Site "Chess.com INT"]
[Date "2024.01.16"]
[Round "9"]
[White "Schmakel, Sam A"]
[Black "Ibarra Jerez, Jose Carlos"]
[Result "0-1"]
[WhiteElo "2457"]
[BlackElo "2559"]
[PlyCount "110"]
[EventDate "2024.01.16"]
[EventType "swiss (blitz)"]
[EventRounds "11"]
[EventCountry "USA"]
[SourceTitle "CB04_2024"]
[SourceDate "2023.10.16"]
[SourceVersion "1"]
[SourceVersionDate "2023.10.16"]
[SourceQuality "1"]

1. Nf3 Nf6 2. b3 d6 3. Bb2 e5 4. g3 g6 5. c4 Bg7 6. Nc3 0-0 7. Bg2 c5 8. 0-0 Nc6 9. Ne1 Be6 10. Nd5 Rb8 11. Nc2 Nd4 12. Nxf6+ Qxf6 13. Ne3 b5 14. Nd5 Qd8 15. e3 Nf5 16. d3 Ne7 17. Rc1 Nxd5 18. cxd5 Bd7 19. d4 exd4 20. exd4 c4 21. Qd2 cxb3 22. axb3 a5 23. Qf4 Qf6 24. Qxf6 Bxf6 25. Rc7 Bf5 26. Rc6 Rfd8 27. Bc3 b4 28. Bb2 Rd7 29. Rfc1 Kg7 30. Ra6 Bd8 31. Bf3 Bd3 32. Rac6 Bb5 33. Rc8 Rxc8 34. Rxc8 a4 35. bxa4 Bxa4 36. Rb8 b3 37. Ra8 Bb5 38. Rb8 Bc4 39. Rb4 Rc7 40. Be4 Bg5 41. f4 Bf6 42. Kf2 Bxd5 43. Bxd5 Rc2+ 44. Kf3 Rxb2 45. Rb7 Bxd4 46. Rxf7+ Kh6 47. Rb7 Rf2+ 48. Kg4 b2 49. Bg8 Bg7 50. h4 Rf1 51. Ba2 Ra1 52. Kh3 Rxa2 53. g4 Ra1 54. h5 gxh5 55. g5+ Kg6 0-1

[Event "Titled Tuesday intern op 16th Jan Late"]
[Site "Chess.com INT"]
[Date "2024.01.16"]
[Round "8"]
[White "Schmakel, Sam A"]
[Black "Pichot, Alan"]
[Result "1/2-1/2"]
[WhiteElo "2457"]
[BlackElo "2644"]
[PlyCount "94"]
[EventDate "2024.01.16"]
[EventType "swiss (blitz)"]
[EventRounds "11"]
[EventCountry "USA"]
[SourceTitle "CB04_2024"]
[SourceDate "2023.10.16"]
[SourceVersion "1"]
[SourceVersionDate "2023.10.16"]
[SourceQuality "1"]

1. d4 Nf6 2. c4 e6 3. Nf3 Bb4+ 4. Bd2 a5 5. a3 Bxd2+ 6. Qxd2 d5 7. e3 0-0 8. Nc3 b6 9. cxd5 exd5 10. Bd3 Bb7 11. Ne5 c5 12. 0-0 Nc6 13. f4 cxd4 14. Nxc6 Bxc6 15. exd4 Qd6 16. Rfe1 Rfe8 17. Re5 Nd7 18. Re3 Nf8 19. g3 Ne6 20. Rae1 h6 21. Bb1 Nf8 22. Re5 f6 23. Rxe8 Rxe8 24. Rxe8 Bxe8 25. Ba2 Bc6 26. Qg2 Ne6 27. Bxd5 Bxd5 28. Qxd5 Qxd5 29. Nxd5 b5 30. Nc3 Nxd4 31. b4 axb4 32. axb4 Kf7 33. Kf2 Ke6 34. Ke3 Nc2+ 35. Ke4 f5+ 36. Kf3 Nxb4 37. Nxb5 Nc6 38. Ke3 g6 39. Nd4+ Kd5 40. Nxc6 Kxc6 41. Kd4 Kd6 42. Kc4 g5 43. Kd4 g4 44. Kc4 Kc6 45. Kd4 Kd6 46. Kc4 Kc6 47. Kd4 Kd6 1/2-1/2

[Event "Titled Tuesday intern op 24th Oct Late"]
[Site "Chess.com INT"]
[Date "2023.10.24"]
[Round "2"]
[White "Osmak, Iulija"]
[Black "Schmakel, Sam A"]
[Result "1-0"]
[WhiteElo "2449"]
[BlackElo "2447"]
[PlyCount "89"]
[EventDate "2023.10.24"]
[EventType "swiss (blitz)"]
[EventRounds "11"]
[EventCountry "USA"]
[SourceTitle "Mega2024 Update 01"]
[Source "Chessbase"]
[SourceDate "2023.11.12"]
[SourceVersion "1"]
[SourceVersionDate "2023.11.12"]
[SourceQuality "1"]

1. e4 g6 2. d4 Bg7 3. Nc3 d6 4. Be3 a6 5. Nf3 b5 6. Bd3 Nd7 7. Qd2 c5 8. a4 b4 9. Ne2 Ngf6 10. c3 a5 11. Ng3 0-0 12. 0-0 Ba6 13. Bxa6 Rxa6 14. Bh6 cxd4 15. cxd4 e5 16. Bxg7 Kxg7 17. Rfd1 Qa8 18. Qe3 Re8 19. d5 h6 20. Rac1 Nc5 21. b3 Ra7 22. Nh4 Kh7 23. Rc4 Qd8 24. Nf3 Nfd7 25. Rdc1 Qe7 26. Nd2 Rc7 27. R4c2 Rec8 28. Nc4 Ra7 29. Nf1 Nf6 30. Nfd2 Nh5 31. g3 f5 32. exf5 gxf5 33. Qf3 Kg6 34. Kh1 Nf6 35. Qe2 e4 36. Ne3 Rac7 37. Ndc4 Na6 38. g4 fxg4 39. Nxg4 Nc5 40. Nxf6 Qxf6 41. Rg1+ Kh7 42. Qg4 Rf8 43. Re2 Re7 44. Re3 Ref7 45. Reg3 1-0

[Event "Titled Tuesday intern op 05th Sep Late"]
[Site "Chess.com INT"]
[Date "2023.09.05"]
[Round "4"]
[White "Przybylski, Wojciech"]
[Black "Schmakel, Sam A"]
[Result "0-1"]
[WhiteElo "2308"]
[BlackElo "2457"]
[PlyCount "108"]
[EventDate "2023.09.05"]
[EventType "swiss (blitz)"]
[EventRounds "11"]
[EventCountry "USA"]
[SourceTitle "EXT 2024"]
[Source "ChessBase"]
[SourceDate "2023.10.10"]
[SourceVersion "1"]
[SourceVersionDate "2023.10.10"]
[SourceQuality "1"]

1. e4 e5 2. Nf3 Nc6 3. Bb5 a6 4. Ba4 Nf6 5. 0-0 Be7 6. Re1 b5 7. Bb3 d6 8. c3 0-0 9. d4 Bg4 10. a4 Bxf3 11. gxf3 Qd7 12. f4 Qh3 13. Re3 Qh4 14. f3 Qxf4 15. Rd3 Qh4 16. Be3 Na5 17. Ba2 Nh5 18. dxe5 dxe5 19. Rd7 Nf4 20. Bxf4 Qxf4 21. Nd2 Rad8 22. Nf1 Bc5+ 23. Kg2 Nc6 24. Bxf7+ Rxf7 25. Rxd8+ Nxd8 26. Qxd8+ Bf8 27. Qd3 c6 28. axb5 axb5 29. Ra8 h5 30. Ng3 h4 31. Nf5 Qg5+ 32. Kf2 g6 33. Nd6 Rd7 34. Qe3 Qxe3+ 35. Kxe3 Rxd6 36. b3 Kg7 37. Rc8 Be7 38. Rc7 Kf7 39. f4 exf4+ 40. Kxf4 Ke6 41. Kg4 Bf6 42. c4 bxc4 43. bxc4 Bd4 44. Kxh4 Ke5 45. Kg4 Kxe4 46. Re7+ Kd3 47. h4 Kxc4 48. Kg5 c5 49. Re4 Kd3 50. Re1 c4 51. Rd1+ Ke2 52. Rc1 Be3+ 53. Kg4 Bxc1 54. h5 gxh5+ 0-1

[Event "Titled Tuesday intern op 29th Aug Late"]
[Site "Chess.com INT"]
[Date "2023.08.29"]
[Round "9"]
[White "Demchenko, Anton"]
[Black "Schmakel, Sam A"]
[Result "1-0"]
[WhiteElo "2619"]
[BlackElo "2455"]
[PlyCount "85"]
[EventDate "2023.08.29"]
[EventType "swiss (blitz)"]
[EventRounds "11"]
[EventCountry "USA"]
[SourceTitle "EXT 2024"]
[Source "ChessBase"]
[SourceDate "2023.10.10"]
[SourceVersion "1"]
[SourceVersionDate "2023.10.10"]
[SourceQuality "1"]

1. e4 c5 2. Nf3 Nc6 3. Bb5 g6 4. 0-0 Bg7 5. d3 e5 6. a3 Nge7 7. b4 d6 8. Bg5 0-0 9. bxc5 dxc5 10. Bxc6 bxc6 11. Nbd2 Be6 12. Be3 Qd6 13. Ng5 c4 14. Nxe6 Qxe6 15. Nxc4 f5 16. f3 h5 17. Qe1 f4 18. Bc5 g5 19. Rb1 Rf7 20. Nd6 Rf6 21. Qc3 Rd8 22. Nb7 Ra8 23. Qb3 Ng6 24. Na5 g4 25. Qxe6+ Rxe6 26. Rb7 Bf8 27. Bxf8 Rxf8 28. Rxa7 Nh4 29. fxg4 hxg4 30. Nc4 Rb8 31. a4 Kh8 32. a5 Rg8 33. a6 g3 34. h3 f3 35. gxf3 g2 36. Rf2 Reg6 37. Nxe5 Rg3 38. Nf7+ Kg7 39. Ng5+ Kh6 40. f4 R8xg5 41. fxg5+ Kh5 42. Rh7+ Kg6 43. Rxh4 1-0

[Event "Titled Tuesday intern op 29th Aug Early"]
[Site "Chess.com INT"]
[Date "2023.08.29"]
[Round "4"]
[White "Lehtosaari, Mauri"]
[Black "Schmakel, Sam A"]
[Result "0-1"]
[WhiteElo "2138"]
[BlackElo "2455"]
[PlyCount "110"]
[EventDate "2023.08.29"]
[EventType "swiss (blitz)"]
[EventRounds "11"]
[EventCountry "USA"]
[SourceTitle "EXT 2024"]
[Source "ChessBase"]
[SourceDate "2023.10.10"]
[SourceVersion "1"]
[SourceVersionDate "2023.10.10"]
[SourceQuality "1"]

1. d4 Nf6 2. Nf3 d5 3. Bg5 Ne4 4. Bf4 c5 5. e3 Nc6 6. c3 Qb6 7. Qb3 c4 8. Qxb6 axb6 9. Nfd2 Bf5 10. Be2 b5 11. Bf3 g5 12. Bg3 h5 13. Bc7 Kd7 14. Bb6 e6 15. Nxe4 dxe4 16. Be2 Ne7 17. Bc5 Nd5 18. Bxf8 Raxf8 19. Nd2 g4 20. Rc1 Ra8 21. a3 Bg6 22. g3 f5 23. h4 Kd6 24. Bd1 e5 25. Bc2 exd4 26. exd4 e3 27. Nf1 Rhe8 28. Rh2 e2 29. Nd2 Re6 30. Rb1 Rae8 31. Rc1 f4 32. Bxg6 Rxg6 33. Rg2 f3 34. Rh2 Nb6 35. Rc2 Kd5 36. Rh1 Na4 37. Rg1 Rge6 38. Nb1 Ke4 39. Rd2 Rd6 40. Rh1 Kd5 41. Rg1 Nb6 42. Rh1 Nc8 43. Rc2 Na7 44. Rd2 Nc6 45. Rc2 Na5 46. Rd2 Nb3 47. Rc2 Ra8 48. Nd2 Re6 49. Nxb3 cxb3 50. Rd2 Re4 51. Rd3 Kc4 52. Kd2 e1Q+ 53. Rxe1 Rxe1 54. d5 Re2+ 55. Kd1 Kxd3 0-1